| 000 | 00670nam a2200217 a 4500 | ||
|---|---|---|---|
| 005 | 20240228063822.0 | ||
| 008 | 991125s1997 mx 000 0 spa u | ||
| 020 | _a9701802713 | ||
| 035 | _aUPN01000002493 | ||
| 049 | _aI | ||
| 050 | 4 |
_aPZ10.3 _bF62 |
|
| 100 | 1 |
_aForcada, Alberto, _d1969- _932572 |
|
| 245 | 1 | 3 |
_aEl amor de Policarpo / _cAlberto Forcada ; il. Guadalupe Pacheco. |
| 260 |
_aMéxico : _bCNCA : _bCorunda, _c1997. |
||
| 300 | _a24 p. | ||
| 440 | 3 |
_aEl sueño del dragón. _pMis segundas lecturas |
|
| 650 | 0 |
_aAnimales _vCuentos y leyendas _9234 |
|
| 650 | 4 |
_aCuentos infantiles _96744 |
|
| 650 | 4 |
_aLibros y lectura para niños _92290 |
|
| 905 | _aInfantil | ||
| 999 |
_c2493 _d2493 |
||